| 000 | 00839nas a2200277 4500 | ||
|---|---|---|---|
| 001 | BR0810251 | ||
| 003 | BR-BrBNA | ||
| 005 | 20231205112943.0 | ||
| 007 | ta | ||
| 008 | 230509b bl.|||p| |||| 00| 00por d | ||
| 040 |
_aBR-BrBNA _bpor _cBiblioteca Nacional de Agricultura |
||
| 041 | _a(Pt) | ||
| 072 | _aF04 | ||
| 100 | 1 | _aXavier, T.F. | |
| 100 | 1 | _aAraújo, A.S.F. de | |
| 100 | 1 | _aSantos, V.B. dos | |
| 100 | 1 | _aCampos, F.L. | |
| 245 | 1 | _aInoculação e adubação nitrogenada sobre a nodulação e a produtividade de grãos de feijão-caupi | |
| 650 | _aFEIJÃO DE CORDA | ||
| 650 | _aADUBAÇÃO | ||
| 650 | _aNITROGÊNIO | ||
| 650 | _aRHIZOBIUM | ||
| 773 | 0 |
_tCiência Rural (Brazil) _xISSN 0103-8478 _g(Oct 2008), v. 38(7) p. 2037-2041 _wBR0810251 |
|
| 909 |
_a202311 _bLúcia _c55 _dLúcia Elande |
||
| 942 |
_2AGRIS _n0 _cANA |
||
| 999 |
_c200996 _d200996 |
||